Koncepčný návrh držiaka bicyklov pre mestské vozidlá

Enregistré dans:
Détails bibliographiques
Auteur principal: Škultéty, Kristián (Auteur)
Autres auteurs: Gulanová, Jana (Directeur de thèse)
Format: Manuscrit Livre
Langue:slovaque
Publié: 2019
Sujets:
Accès en ligne:http://is.stuba.sk/zp/portal_zp.pl?podrobnosti=137282
Tags: Ajouter un tag
Pas de tags, Soyez le premier à ajouter un tag!

MARC

LEADER 00000ntm a22000003a 4500
001 stuzp73988
003 SK-STU
005 20190608212706.3
007 ta
008 150427s2015----xo-----f-mn---000-0-slo-d
040 |a STU  |b slo 
041 0 |a slo 
100 1 |a Škultéty, Kristián  |u 020030  |4 aut  |U SjF Strojnícka fakulta  |T SjF Ústav dopravnej techniky a konštruovania  |X 87781  |U J0030  |Y 806  |7 87781 
242 0 1 |a Conceptual design of a bicycle carrier for urban vehicles  |y eng 
245 1 0 |a Koncepčný návrh držiaka bicyklov pre mestské vozidlá 
260 |c 2019 
650 4 |a malé mestské vozidlo  |2 slo 
650 4 |a držiak na bicykle  |2 slo 
650 4 |a Catia V5R20  |2 slo 
650 4 |a Škoda Citigo  |2 slo 
650 4 |a Volkswagen up  |2 slo 
650 4 |a Seat Mii  |2 slo 
650 4 |a small city car  |2 eng 
650 4 |a bicycle carrier  |2 eng 
650 4 |a Catia V5R20  |2 eng 
650 4 |a Škoda Citigo  |2 eng 
650 4 |a Volkswagen Up  |2 eng 
650 4 |a Seat Mii  |2 eng 
700 1 |a Gulanová, Jana  |u 020030  |k Z1  |4 ths  |U SjF Strojnícka fakulta  |T SjF Ústav dopravnej techniky a konštruovania  |X 48878  |U J0030  |Y 806  |7 A000048878 
856 4 |u http://is.stuba.sk/zp/portal_zp.pl?podrobnosti=137282 
996 |b 284J045922  |c J* 3032/DBP  |l JJSK  |s A  |a 24  |w stuzp73988_0001